[Event "Bad Griesbach Seniors op 2nd"]
[Site "Bad Griesbach"]
[Date "1999.11.25"]
[Round "5"]
[White "Karner, Irmgard"]
[Black "Peters, Werner"]
[Result "1/2-1/2"]
[WhiteElo "1705"]
[BlackElo "1545"]
[PlyCount "65"]
[EventDate "1999.11.21"]
[EventType "swiss"]
[EventRounds "7"]
[EventCountry "GER"]
[SourceTitle "EXT 2007"]
[Source "ChessBase"]
[SourceDate "2006.11.23"]
[SourceVersion "1"]
[SourceVersionDate "2006.11.23"]
[SourceQuality "1"]

1. c4 Nf6 2. Nc3 e6 3. d4 Bb4 4. Bd2 b6 5. Nf3 Bb7 6. Qa4 Nc6 7. a3 a5 8. e3 0-0 9. Be2 Bxc3 10. Bxc3 Ne4 11. Rc1 Ne7 12. 0-0 Nxc3 13. Rxc3 Ng6 14. Qd1 f5 15. d5 e5 16. Re1 d6 17. Nd2 Nh4 18. f4 g5 19. g3 e4 20. gxh4 gxh4 21. h3 Qe7 22. Kh2 Kh8 23. Rg1 Rg8 24. Qf1 Rg3 25. Rxg3 hxg3+ 26. Kxg3 Rg8+ 27. Kh2 Qh4 28. Nb3 Qg3+ 29. Kh1 Rg6 30. Nd4 Rh6 31. Qg2 Rxh3+ 32. Kg1 Qe1+ 33. Qf1 1/2-1/2